书目信息 |
| 题名: |
再生生物学与再生医学
|
|
| 作者: | 斯托克姆 ;庞希宁 译 | |
| 分册: | ||
| 出版信息: | 北京 科学出版社 2013 |
|
| 页数: | 592 | |
| 开本: | 23cm | |
| 丛书名: | ||
| 单 册: | ||
| 中图分类: | R31 | |
| 科图分类: | ||
| 主题词: | 医药学:基础科学 , 医学人类学 | |
| 电子资源: | ||
| ISBN: | 7-03-036780-8 | |
| 000 | 00701nam0 2200205 450 | |
| 001 | 1735846483 | |
| 005 | 20170410095726.48 | |
| 010 | @a7-03-036780-8@d¥168.00 | |
| 100 | @a20170410d km y0chiy0120 ea | |
| 101 | 0 | @achi |
| 200 | 1 | @a再生生物学与再生医学@Azai sheng sheng wu xue yu zai sheng yi xue@f斯托克姆(Stocum,D.L.)@Fsi tuo ke mu(Stocum,D.L.)@g庞希宁等译@Gpang xi ning deng yi |
| 210 | @a北京@c科学出版社@d2013 | |
| 215 | @a592@c彩图@d23cm | |
| 606 | 0 | @a医药学:基础科学 |
| 606 | 0 | @a医学人类学 |
| 690 | @aR31@v4 | |
| 701 | 0 | @a斯托克姆@Asi tuo ke mu@bStocum,D.L. |
| 702 | 0 | @a庞希宁@Apang xi ning@4译 |
| 801 | 0 | @aCN@b大连网信软件有限公司图书馆·11@c20170410 |
| 905 | @b6604449@dR31@en6@f1 | |
| 再生生物学与再生医学/斯托克姆(Stocum,D.L.)/庞希宁等译.-北京:科学出版社,2013 |
| 592:彩图;23cm |
| ISBN 7-03-036780-8:¥168.00 |
| ● |
| 相关链接 |
|
|
|
|
正题名:再生生物学与再生医学
索取号:R31/n6
 
预约/预借
| 序号 | 登录号 | 条形码 | 馆藏地/架位号 | 状态 | 备注 |
| 1 | 6604449 | 266044498 | 密集书库-生命科学系/ [索取号:R31/n6] | 在馆 |